000 00677nam a2200181 i 4500
001 104636
003 ES-MaACL
005 20230906183643.0
007 t|
008 051202s1960 sp ||||1| spa d
110 2 _aEspaña.
_bMinisterio de Educación Nacional.
_93859
245 1 0 _aBecas rurales /
_cMinisterio de Educación Nacional.
260 _aSalamanca :
_b[s.n.],
_c1960 (
_eMadrid :
_fImp. Aguirre)
300 _a106 p. con lám. ;
_c23 cm.
500 _aPrecede al tít.: Comisaría de Protección Escolar y Asistencia Social.
710 1 _aEspaña.
_bComisaría General de Protección Escolar y Asistencia Social.
_93634
852 _aES-MaACL
_jC-23463
_bR.50697
999 _c104636
_d104636